| 000 | 00487nam a2200169 a 4500 | ||
|---|---|---|---|
| 005 | 20140412111315.0 | ||
| 008 | 010308s19uu xx 00 eng d | ||
| 020 | _a0-307-30194-X | ||
| 050 |
_aER _bJa12 1992 |
||
| 100 | _aBalducci, Rita | ||
| 245 |
_aJack and the beanstalk / _cretold by Rita Balducci ; illustrated by Richard Walz. |
||
| 260 |
_aNew York : _bA Golden Book, _c1992. |
||
| 300 | _a1 v. (unp.) ; ill. | ||
| 650 | _aFolklore | ||
| 650 | _aFairy Tales | ||
| 999 |
_c104175 _d104175 |
||